George Washinton : (Record no. 359956)
[ view plain ]
| 000 -LEADER | |
|---|---|
| fixed length control field | 00823nam a2200301Ia 4500 |
| 008 - FIXED-LENGTH DATA ELEMENTS--GENERAL INFORMATION | |
| fixed length control field | 181129s9999 xx 000 0 und d |
| 020 ## - INTERNATIONAL STANDARD BOOK NUMBER | |
| International Standard Book Number | 9780439098670 |
| 050 ## - LIBRARY OF CONGRESS CALL NUMBER | |
| Item number | J128 2000 |
| 100 ## - MAIN ENTRY--PERSONAL NAME | |
| Personal name | Jackson, Garnet |
| 245 #0 - TITLE STATEMENT | |
| Title | George Washinton : |
| 245 #0 - TITLE STATEMENT | |
| Remainder of title | our president / |
| 245 #0 - TITLE STATEMENT | |
| Statement of responsibility, etc | by Garnet Jackson ; illustrated by Cornelius Van Wright and Ying-Hwa Hu. |
| 260 ## - PUBLICATION, DISTRIBUTION, ETC. (IMPRINT) | |
| Place of publication, distribution, etc | New York, NY : |
| 260 ## - PUBLICATION, DISTRIBUTION, ETC. (IMPRINT) | |
| Name of publisher, distributor, etc | Scholastic, |
| 260 ## - PUBLICATION, DISTRIBUTION, ETC. (IMPRINT) | |
| Date of publication, distribution, etc | 2000 |
| 300 ## - PHYSICAL DESCRIPTION | |
| Extent | unpaged : |
| 300 ## - PHYSICAL DESCRIPTION | |
| Other physical details | color illustrations ; |
| 300 ## - PHYSICAL DESCRIPTION | |
| Dimensions | 23cm. |
| 440 ## - SERIES STATEMENT/ADDED ENTRY--TITLE | |
| Title | Developing reader level 2. |
| 500 ## - GENERAL NOTE | |
| General note | 600L |
| 650 ## - SUBJECT ADDED ENTRY--TOPICAL TERM | |
| Topical term or geographic name as entry element | Presidents -- |
| 650 ## - SUBJECT ADDED ENTRY--TOPICAL TERM | |
| Topical term or geographic name as entry element | Washington, George -- 1732-1799. |
| 650 ## - SUBJECT ADDED ENTRY--TOPICAL TERM | |
| General subdivision | United States -- Biography. |
| 700 ## - ADDED ENTRY--PERSONAL NAME | |
| Personal name | Series. |
| 700 ## - ADDED ENTRY--PERSONAL NAME | |
| Personal name | Title. |
| 700 ## - ADDED ENTRY--PERSONAL NAME | |
| Personal name | Wright, Cornelius Van. |
| 700 ## - ADDED ENTRY--PERSONAL NAME | |
| Personal name | Ying-Hwa, Hu. |
| Withdrawn status | Lost status | Damaged status | Home library | Current library | Shelving location | Date acquired | Total Checkouts | Full call number | Barcode | Date last seen | Price effective from | Koha item type |
|---|---|---|---|---|---|---|---|---|---|---|---|---|
| Stonyhurst Southville International School (Malarayat) | Stonyhurst Southville International School (Malarayat) | 11/29/2018 | LEX J128 2000 | SSISM5750 | 11/29/2018 | 11/29/2018 | Lexile |